<?xml version="1.0" encoding="UTF-8"?><?xml-stylesheet type="text/xsl" href="static/style.xsl"?><OAI-PMH xmlns="http://www.openarchives.org/OAI/2.0/" xmlns:xsi="http://www.w3.org/2001/XMLSchema-instance" xsi:schemaLocation="http://www.openarchives.org/OAI/2.0/ http://www.openarchives.org/OAI/2.0/OAI-PMH.xsd"><responseDate>2026-06-02T11:16:19Z</responseDate><request verb="GetRecord" identifier="oai:riuma.uma.es:10630/27172" metadataPrefix="marc">https://riuma.uma.es/rest/oai/request</request><GetRecord><record><header><identifier>oai:riuma.uma.es:10630/27172</identifier><datestamp>2026-02-03T12:09:07Z</datestamp><setSpec>com_10630_2254</setSpec><setSpec>col_10630_37959</setSpec></header><metadata><record xmlns="http://www.loc.gov/MARC21/slim" xmlns:dcterms="http://purl.org/dc/terms/" xmlns:doc="http://www.lyncode.com/xoai" xmlns:xsi="http://www.w3.org/2001/XMLSchema-instance" xsi:schemaLocation="http://www.loc.gov/MARC21/slim http://www.loc.gov/standards/marcxml/schema/MARC21slim.xsd">
   <leader>00925njm 22002777a 4500</leader>
   <datafield ind2=" " ind1=" " tag="042">
      <subfield code="a">dc</subfield>
   </datafield>
   <datafield ind2=" " ind1=" " tag="720">
      <subfield code="a">Mira-Rueda, Concepción</subfield>
      <subfield code="e">author</subfield>
   </datafield>
   <datafield ind2=" " ind1=" " tag="260">
      <subfield code="c">2023</subfield>
   </datafield>
   <datafield ind2=" " ind1=" " tag="520">
      <subfield code="a">Desde que en el mundo aparecieron las primeras sociedades más organizadas, las jerarquías se instalan y con ello, la política. La presente comunicación pretende ayudar a futuros traductores-intérpretes que se enfrenten a documentos y discursos propios de las ciencias políticas. Dar los primeros pasos en un ámbito desconocido puede ser abrumador y por ello, el paso de la documentación es esencial. En este trabajo, partiremos de qué son las Ciencias Políticas, con cuántas disciplinas cuenta, qué tipos de discursos puede incluir, qué finalidades tienen y dónde acudir cuando nos surjan dudas o queramos documentarnos con más profundidad. Cerraremos este trabajo dando fuentes (en español, francés e inglés) que pueden ser útiles para traductores e intérpretes que se inician o se interesan por el campo político.</subfield>
   </datafield>
   <datafield ind1="8" ind2=" " tag="024">
      <subfield code="a">https://hdl.handle.net/10630/27172</subfield>
   </datafield>
   <datafield tag="653" ind2=" " ind1=" ">
      <subfield code="a">Política - Servicios de traducción - Documentación</subfield>
   </datafield>
   <datafield ind2="0" ind1="0" tag="245">
      <subfield code="a">Sciences Politiques et la Traduction et l'Interprétariat. Sources de documentation en espagnol, français et anglais.</subfield>
   </datafield>
</record>
</metadata></record></GetRecord></OAI-PMH>